The axemaker's gift : A double-edged history of human culture
The host of the popular science series on public television, "Connections," and a psychologist trace the advantages and dangers of human inventions and argue that the time has come to turn away from specialized, technological knowledge.
Uloženo v:
| Hlavní autor: | |
|---|---|
| Médium: | Kniha |
| Jazyk: | Undetermined |
| Vydáno: |
New York
Putnam
1995
|
| Témata: | |
| Tagy: |
Přidat tag
Žádné tagy, Buďte první, kdo otaguje tento záznam!
|
| Thư viện lưu trữ: | Trung tâm Học liệu Trường Đại học Cần Thơ |
|---|
| LEADER | 00872nam a2200217Ia 4500 | ||
|---|---|---|---|
| 001 | CTU_227897 | ||
| 008 | 210402s9999 xx 000 0 und d | ||
| 082 | |a 306.46 | ||
| 082 | |b B959 | ||
| 100 | |a Burke, James | ||
| 245 | 4 | |a The axemaker's gift : | |
| 245 | 2 | |b A double-edged history of human culture | |
| 245 | 0 | |c James Burke, Robert Ornstein ; Illustrations by Ted Dewan | |
| 260 | |a New York | ||
| 260 | |b Putnam | ||
| 260 | |c 1995 | ||
| 520 | |a The host of the popular science series on public television, "Connections," and a psychologist trace the advantages and dangers of human inventions and argue that the time has come to turn away from specialized, technological knowledge. | ||
| 650 | |a Công nghệ,Technology | ||
| 650 | |x Khía cạnh xã hội,Social aspects | ||
| 910 | |b dqhieu | ||
| 980 | |a Trung tâm Học liệu Trường Đại học Cần Thơ | ||